000 00699nam a22001937a 4500
003 BD-DhUL
005 20180307090909.0
008 170517s1972 bg |||| |||| 000 0 ben d
040 _aBD-DhUL
_cBD-DhUL
082 _a891.443
_bABD
100 1 _aআবদুর রাজ্জাক।
245 0 _aঢেউয়ের নদী ক্লান্ত পথ /
_cআবদুর রাজ্জাক।
250 _a১ম সং.
260 _aঢাকা :
_bনওরোজ কিতাবিস্তান,
_c১৯৭২।
300 _a১৫৫ পৃ. ;
_c২১ সেমি.
650 4 _aবাংলা উপন্যাস
650 4 _aBengali fiction
942 _2ddc
_cBK
999 _c238962
_d238962